On This Day: May 17th II Quiz Stats

 Plays Quiz Updated May 17, 2018

Score 0/7 Timer 03:00
0 Plays Today
Question Answer Wrong Answers
Thoroughbred racehorse Aristides, and his rider, Oliver Lewis, win the first ______ in Louisville.
1875
Kentucky Derby
93.3%
Preakness Stakes
2.1%
Belmont Stakes
2.7%
Breeders' Cup
1.5%
Emperor Napoleon I annexes these territories, which were located on the Italian Peninsula and under the direct sovereign rule of the Pope.
1809
Papal States
85.7%
Pontifical Federation
4.5%
Ecclesiastical Union
2.6%
Roman Republic
7%
The Buttonwood Agreement is signed, creating the ______ Stock Exchange, today the world’s largest.
1792
New York
82.6%
NASDAQ
7.4%
London
9.6%
Euronext
0.4%
Nolan Bushnell opens the first ______ in San Jose, California, known today for pizza, arcade games, and animatronic displays.
1977
Chuck E. Cheese's
74.9%
Dave & Buster's
10.5%
Little Caesars
7.9%
GameWorks
5.6%
This American actor and director, known for his work on films like ‘Apocalypse Now’ and ‘Easy Rider’, is born.
1936
Dennis Hopper
57.5%
Jack Nicholson
14.5%
Kevin Costner
4%
Marlon Brando
23.4%
The first legal same-sex marriages in the United States are performed in the state of ______.
2004
Massachusetts
51.1%
Washington
5.7%
California
35.6%
Colorado
6.1%
This landlocked country in southeast Africa, formerly known as Nyasaland, holds its first multi-party elections.
1994
Malawi
40.6%
Namibia
26.1%
Chad
15.4%
Burkina Faso
16.7%

You're not logged in!

Compare scores with friends on all Sporcle quizzes.
OR
Log In

Sporcle TV

Today on Sporcle TV


Watch our educational content, quiz creation guides, and fun videos on Sporcle TV.

Show Comments

Extras

Top Quizzes Today


Score Distribution

Your Account Isn't Verified!

In order to create a playlist on Sporcle, you need to verify the email address you used during registration. Go to your Sporcle Settings to finish the process.

Report this User

Report this user for behavior that violates our Community Guidelines.

Details: